Statistics for Type 1 To 100

Click here to take the quiz!

General Stats

  • This quiz has been taken 130 times
  • The average score is 69 of 100

Answer Stats

Answer% Correct
1
100%
3
100%
4
100%
2
99%
5
99%
6
99%
8
99%
7
97%
9
97%
22
88%
10
87%
11
87%
12
87%
19
86%
20
86%
21
86%
14
84%
15
84%
16
84%
17
84%
18
84%
13
83%
23
83%
32
83%
25
81%
31
81%
24
80%
26
80%
29
80%
30
80%
27
78%
28
78%
33
78%
34
78%
35
77%
45
77%
37
75%
42
75%
36
74%
39
74%
44
74%
46
74%
47
74%
38
72%
40
72%
41
72%
43
72%
48
72%
52
72%
49
71%
55
71%
51
70%
56
70%
50
68%
53
68%
62
68%
54
67%
57
65%
59
65%
60
65%
61
65%
58
64%
63
64%
64
64%
65
64%
67
64%
66
61%
68
61%
69
59%
72
58%
76
58%
70
57%
71
57%
73
57%
77
57%
75
55%
74
54%
78
54%
80
54%
79
52%
81
51%
82
51%
83
51%
88
48%
85
46%
89
46%
92
46%
84
45%
86
45%
87
45%
90
45%
93
43%
94
43%
91
42%
99
42%
95
41%
96
41%
97
41%
98
39%
100
38%

Score Distribution

Percentile by Number Answered

Percent of People with Each Score

Your Score History

You have not taken this quiz